| 000 | 00623nam a2200193Ia 4500 | ||
|---|---|---|---|
| 003 | GCL | ||
| 008 | 140319s9999 xx 000 0 ara d | ||
| 040 |
_aGCL / _cGCL |
||
| 082 | 0 | 4 |
_aد _b050 |
| 100 | 1 | _aمحمد حسن عبد الله (دراسة) | |
| 245 | 1 | 0 |
_aالريف فى الرواية العربية ( عالم المعرفة 143 ) / _cمحمد حسن عبد الله (دراسة) |
| 300 | _a271 ص | ||
| 490 |
_aعالم المعرفة _v0 |
||
| 650 | 0 | 4 | _aالادب العربى |
| 650 | 0 | 4 | _aالقصص العربية |
| 650 | 0 | 4 | _aالحياة الريفية |
| 650 | 0 | 4 | _aالريف |
| 942 |
_2ddc _cBK |
||
| 999 |
_c50300 _d50300 |
||